Laporan mengenai prestasi sektor perkilangan 2000.
| Corporate Author: | |
|---|---|
| Format: | Book |
| Published: |
Kuala Lumpur:
Lembaga Kemajuan Perindustrian Malaysia,
2001.
|
| Subjects: |
| LEADER | 00475cam a2200145 7i4500 | ||
|---|---|---|---|
| 001 | 0000009731 | ||
| 005 | 20010627090000.0 | ||
| 090 | 0 | 0 | |a M 338 |b LAP |
| 245 | 0 | 0 | |a Laporan mengenai prestasi sektor perkilangan 2000. |
| 260 | 0 | 0 | |a Kuala Lumpur: |b Lembaga Kemajuan Perindustrian Malaysia, |c 2001. |
| 300 | # | # | |a 108 p. |
| 650 | 0 | 0 | |a Industries -- |z Malaysia |
| 651 | 0 | 0 | |a Malaysia |
| 710 | 2 | 1 | |a Lembaga Kemajuan Perindustrian Malaysia |
| 999 | |a 0000012306 |b Book |c Countries |e Business Information Centre | ||